| 000 | 00423nam a22001697a 4500 | ||
|---|---|---|---|
| 999 |
_c174414 _d174414 |
||
| 005 | 20200612150925.0 | ||
| 010 | _aA-603665 | ||
| 020 |
_c15.00 _a- |
||
| 035 | _aA-603665 | ||
| 037 | _bBPPD/Ven. | ||
| 082 | _a840 | ||
| 245 | _aفکر و تحقیق | ||
| 246 | _aFikr-wa-Tehqeeq | ||
| 260 |
_aN.Delhi _c1989 ء _bTaraqqui Urdu Bureau |
||
| 300 |
_a177p. _c22cm(Hb) |
||
| 942 |
_2ddc _cUR _h840 _mف ک ر |
||